| 000 | 00956nam a2200205 i 4500 | ||
|---|---|---|---|
| 001 | 169834 | ||
| 003 | ES-MaACL | ||
| 005 | 20250704182946.0 | ||
| 008 | 081204s2007 sp a |||| |bspa d | ||
| 080 | _a929 Llorens, Vicente (060.64) | ||
| 245 | 0 | 0 |
_aVicente Llorens _b: el retorno del desterrado. |
| 260 |
_a[Valencia] : _bBiblioteca Valenciana : _bSociedad Estatal de Conmemoraciones Culturales, _c[2007] |
||
| 300 |
_a[22] p. : _bprincipalmente il. ; _c13 cm. |
||
| 500 | _aExposición organizada por la Biblioteca Valenciana y la Sociedad Estatal de Conmemoraciones Culturales en las Salas de la Fundación Francisco Giner de los Ríos [Institución Libre de Enseñanza], 12 de abril - 27 de mayo de 2007. | ||
| 600 | 1 | 4 |
_aLlorens, Vicente, _d1906-1979 _972884 |
| 710 | 2 |
_aBiblioteca Valenciana. _9139003 |
|
| 710 | 2 |
_aSociedad Estatal de Conmemoraciones Culturales (España) _9134893 |
|
| 852 |
_aES-MaACL _j2239-F-22 |
||
| 999 |
_c169834 _d169834 |
||